OKANGOMBE, OKANYANGAU NA OGAKONDO (Record no. 216828)

MARC details
000 -LEADER
fixed length control field 00434nam a22001457a 4500
008 - FIXED-LENGTH DATA ELEMENTS--GENERAL INFORMATION
fixed length control field 260311b |||||||| |||| 00| 0 eng d
020 ## - INTERNATIONAL STANDARD BOOK NUMBER
International Standard Book Number 978-9966-1779-4-0
100 ## - MAIN ENTRY--PERSONAL NAME
Personal name OKEMWA CHRISTOPHER
245 ## - TITLE STATEMENT
Title OKANGOMBE, OKANYANGAU NA OGAKONDO
260 ## - PUBLICATION, DISTRIBUTION, ETC.
Place of publication, distribution, etc. KISII
Name of publisher, distributor, etc. KISTRECH INTERNATIONAL
Date of publication, distribution, etc. 2015
300 ## - PHYSICAL DESCRIPTION
Extent 27P.
650 ## - SUBJECT ADDED ENTRY
Topical term or geographic name entry element 1. FOLKLORE -KENYA 2. GUSII- AFRICAN PEOPLEM- JUVENILE FICTION
942 ## - ADDED ENTRY ELEMENTS (KOHA)
Source of classification or shelving scheme Library of Congress Classification
Koha item type Long Loan Book
Holdings
Withdrawn status Lost status Source of classification or shelving scheme Damaged status Not for loan Collection Home library Current library Shelving location Date acquired Inventory number Total checkouts Full call number Barcode Date last seen Copy number Price effective from Koha item type
    Library of Congress Classification     Arts & Social Sciences Kisii University Library Kisii University Library On Display 03/11/2026 112393   PZ 90 .O44 2015 a001156 03/11/2026 1 03/11/2026 Long Loan Book
    Library of Congress Classification     Arts & Social Sciences Kisii University Library Kisii University Library On Display 03/11/2026 112394   PZ 90 .O44 2015 a001157 03/11/2026 2 03/11/2026 Long Loan Book
    Library of Congress Classification     Arts & Social Sciences Kisii University Library Kisii University Library On Display 03/11/2026 112395   PZ 90 .O44 2015 a001158 03/11/2026 3 03/11/2026 Long Loan Book
    Library of Congress Classification     Arts & Social Sciences Kisii University Library Kisii University Library On Display 03/11/2026 112396   PZ 90 .O44 2015 a001160 03/11/2026 4 03/11/2026 Long Loan Book
    Library of Congress Classification     Arts & Social Sciences Kisii University Library Kisii University Library On Display 03/11/2026 112397   PZ 90 .O44 2015 a001162 03/11/2026 5 03/11/2026 Long Loan Book